00282nam a22000977a 4500082001400000100001800014245009200032260003500124300000800159650001700167 a297.5 HAS aHashimy, S.Y. aIslam as an Ethical and a Political Idea: Edited with critical introduction, copious... aLahorebNazil Publishersc1955 a117 aIslam-Ethics